000 00255nam a2200109 a 4500
005 20140414132030.0
008 110317s19uu xx 00 eng d
050 _aTR
_bP81 1987
100 _aDepaola, Tomie
245 _aThe popcorn book.
999 _c113614
_d113614